| 000 | 00470nam a2200193Ia 4500 | ||
|---|---|---|---|
| 008 | 170918s9999 xx 000 0 und d | ||
| 020 | _a9780062322432 | ||
| 050 | _bM176 2015 | ||
| 100 | _aMcVoy, Terra Elan | ||
| 245 | _aDrive me crazy / | ||
| 245 | _cby Terra Elan McVoy. | ||
| 250 | _aFirst edition. | ||
| 260 | _aNew York : | ||
| 260 | _bKatherine Tegen Books, | ||
| 260 | _c2015 | ||
| 300 | _a279 pages : | ||
| 300 | _billustrations ; | ||
| 300 | _c21cm. | ||
| 999 |
_c344353 _d344353 |
||